[Event "AUT-ch U18"]
[Site "St Veit"]
[Date "2023.04.04"]
[Round "4"]
[White "Broneder, Kurt1111"]
[Black "Pernerstorfer, Moritz"]
[Result "0-1"]
[WhiteElo "1678"]
[BlackElo "1932"]
[PlyCount "86"]
[EventDate "2023.04.02"]
[EventType "swiss"]
[EventRounds "7"]
[EventCountry "AUT"]
[SourceTitle "EXT 2024"]
[Source "ChessBase"]
[SourceDate "2023.10.10"]
[SourceVersion "1"]
[SourceVersionDate "2023.10.10"]
[SourceQuality "1"]

1. d4 Nf6 2. Nf3 b6 3. e3 Bb7 4. Bd3 e6 5. Nbd2 Be7 6. b3 0-0 7. Bb2 c5 8. 0-0 Nc6 9. a3 d5 10. Ne5 a6 11. f4 b5 12. Be2 Qb6 13. Ndf3 Rad8 14. Nxc6 Bxc6 15. dxc5 Bxc5 16. Bd4 Nd7 17. Ne5 f6 18. Nxd7 Rxd7 19. b4 Bxd4 20. Qxd4 Qc7 21. Bd3 Re8 22. Qc5 e5 23. f5 Bb7 24. Qxc7 Rxc7 25. a4 e4 26. axb5 exd3 27. bxa6 Bxa6 28. Rxa6 dxc2 29. Rc1 Rxe3 30. Kf2 Rb3 31. Ra2 Rxb4 32. g3 Rbc4 33. Ke2 Kf7 34. Kd2 Ke7 35. Re1+ Re4 36. Rxe4+ dxe4 37. Kc1 Kd6 38. Ra5 e3 39. Ra6+ Kd5 40. Re6 Kd4 41. g4 Kd3 42. h4 Ke2 43. g5 Kf2 0-1

[Event "AUT-ch U16"]
[Site "St Veit"]
[Date "2021.10.25"]
[Round "1.8"]
[White "Sohn, Benedikt"]
[Black "Pernerstorfer, Moritz"]
[Result "1-0"]
[WhiteElo "1523"]
[BlackElo "1884"]
[PlyCount "115"]
[EventDate "2021.10.25"]
[EventType "swiss"]
[EventRounds "7"]
[EventCountry "AUT"]
[SourceTitle "EXT 2023"]
[Source "ChessBase"]
[SourceDate "2022.10.05"]
[SourceVersion "1"]
[SourceVersionDate "2022.10.05"]
[SourceQuality "1"]

1. d4 Nf6 2. c4 g6 3. Nc3 Bg7 4. e4 d6 5. Bg5 Nbd7 6. f3 0-0 7. Qd2 c6 8. Bd3 Qb6 9. Nge2 e5 10. d5 c5 11. g4 a6 12. 0-0-0 Qa5 13. a3 Rb8 14. h4 b5 15. cxb5 axb5 16. Bxb5 Rxb5 17. Nxb5 Qxb5 18. Nc3 Qb3 19. h5 Nb6 20. Qc2 Qxc2+ 21. Kxc2 Ba6 22. b3 Ra8 23. h6 Bh8 24. Ra1 Ne8 25. Be3 Bf6 26. a4 Nc7 27. g5 Bd8 28. Rhb1 Rb8 29. Kd2 f6 30. gxf6 Bxf6 31. a5 Nd7 32. Ra3 Nb5 33. Nxb5 Rxb5 34. Ra4 Bd8 35. Kc2 Kf7 36. b4 cxb4 37. Rbxb4 Rxb4 38. Rxb4 g5 39. Bb6 Bxb6 40. axb6 Nc5 41. Rb2 Kg6 42. Ra2 Kxh6 43. Ra5 Kg7 44. Kc3 Kf7 45. Kb4 Ke7 46. Ra1 h5 47. Rg1 Kf6 48. Ka5 h4 49. Rg2 Bb7 50. Kb5 Ba6+ 51. Ka5 Bf1 52. Rg1 Be2 53. Rc1 Nb3+ 54. Kb4 Nc5 55. Ka5 Nb7+ 56. Kb4 Nc5 57. Ka5 Ke7 58. Rxc5 1-0

[Event "AUT-ch U16 Online Rapid"]
[Site "Playchess.com INT"]
[Date "2020.12.13"]
[Round "5"]
[White "Weichhart, Daniel"]
[Black "Pernerstorfer, Moritz"]
[Result "1-0"]
[WhiteElo "1801"]
[BlackElo "1681"]
[PlyCount "81"]
[EventDate "2020.12.13"]
[EventType "swiss (rapid)"]
[EventRounds "7"]
[EventCountry "AUT"]
[SourceTitle "EXT 2022"]
[Source "ChessBase"]
[SourceDate "2021.10.06"]
[SourceVersion "1"]
[SourceVersionDate "2021.10.06"]
[SourceQuality "1"]

1. c4 e5 2. g3 f5 3. d4 e4 4. Nc3 Nf6 5. Bg2 d5 6. cxd5 Nxd5 7. Bd2 Be6 8. Nh3 Be7 9. 0-0 0-0 10. Nxd5 Bxd5 11. Nf4 Bf7 12. e3 g5 13. Ne2 Bh5 14. Qe1 Bd6 15. Nc3 Nc6 16. f3 exf3 17. Bxf3 Bxf3 18. Rxf3 Qe7 19. Qf2 Qd7 20. Rf1 Ne7 21. e4 Bb4 22. exf5 Rad8 23. a3 Ba5 24. Bxg5 Bb6 25. Ne2 Nc6 26. Be3 Nxd4 27. Nxd4 Bxd4 28. Bxd4 Qxd4 29. Qxd4 Rxd4 30. Rb3 b6 31. Re3 Rd2 32. b4 Ra2 33. g4 Rd8 34. f6 Kf7 35. Re7+ Kf8 36. Rf2 Ra1+ 37. Kg2 Rxa3 38. Rxh7 Rd4 39. h3 Rdd3 40. f7 Rg3+ 41. Kh2 1-0

[Event "AUT-chT District U18 Online Rapid"]
[Site "Playchess.com INT"]
[Date "2020.12.12"]
[Round "9"]
[White "Pernerstorfer, Moritz"]
[Black "Kristoferitsch, Daniel"]
[Result "0-1"]
[WhiteElo "1716"]
[BlackElo "1876"]
[PlyCount "78"]
[EventDate "2020.12.12"]
[EventType "team-swiss (rapid)"]
[EventRounds "9"]
[EventCountry "AUT"]
[SourceTitle "EXT 2022"]
[Source "ChessBase"]
[SourceDate "2021.10.06"]
[SourceVersion "1"]
[SourceVersionDate "2021.10.06"]
[SourceQuality "1"]

1. e4 e6 2. d4 d5 3. Nd2 c5 4. exd5 Qxd5 5. Ngf3 cxd4 6. Bc4 Qd8 7. 0-0 a6 8. Nb3 Nc6 9. Nbxd4 Nxd4 10. Qxd4 Qxd4 11. Nxd4 Bd7 12. Be3 Rc8 13. Bb3 Nf6 14. Rad1 Bc5 15. c3 0-0 16. Nc2 Be7 17. Bg5 Bb5 18. Rfe1 h6 19. Be3 Bc6 20. Nd4 Bd5 21. Bd2 Bc5 22. Bxd5 Nxd5 23. Nb3 Ba7 24. Kf1 Rfd8 25. Bc1 Kf8 26. Ke2 Ke7 27. Rd3 b5 28. Rg3 g5 29. Rd1 Bb6 30. Nd4 b4 31. Bd2 Bxd4 32. cxd4 Rc2 33. Rb3 a5 34. Kd3 Rdc8 35. Be1 Nf4+ 36. Ke4 Nxg2 37. a3 Re2+ 38. Kf3 Rxe1 39. Rxe1 Nxe1+ 0-1

[Event "AUT-chT District U18 Online Rapid"]
[Site "Playchess.com INT"]
[Date "2020.12.12"]
[Round "2"]
[White "Pernerstorfer, Moritz"]
[Black "Peyrer, Konstantin"]
[Result "1/2-1/2"]
[WhiteElo "1603"]
[BlackElo "2261"]
[PlyCount "136"]
[EventDate "2020.12.12"]
[EventType "team-swiss (rapid)"]
[EventRounds "9"]
[EventCountry "AUT"]
[SourceTitle "EXT 2022"]
[Source "ChessBase"]
[SourceDate "2021.10.06"]
[SourceVersion "1"]
[SourceVersionDate "2021.10.06"]
[SourceQuality "1"]

1. e4 e5 2. Nf3 Nc6 3. d4 exd4 4. Nxd4 Nf6 5. Nxc6 bxc6 6. e5 Qe7 7. Qe2 Nd5 8. c4 Nb6 9. Nc3 Qe6 10. Qe4 Ba6 11. b3 Bb4 12. Bd2 Bxc3 13. Bxc3 d5 14. cxd5 cxd5 15. Qe3 Bxf1 16. Kxf1 0-0 17. f3 Rad8 18. Qd4 Rfe8 19. Re1 Nd7 20. b4 Qa6+ 21. Kf2 Nf8 22. e6 Qxa2+ 23. Kg3 f6 24. e7 Rd7 25. exf8Q+ Rxf8 26. Re3 Qc2 27. Rhe1 Kf7 28. Qc5 Rfd8 29. Re7+ Kg6 30. Rxd7 Rxd7 31. Qd4 Qf5 32. Qg4+ Qxg4+ 33. Kxg4 h5+ 34. Kf4 Kf7 35. Rd1 Ke6 36. g4 g5+ 37. Ke3 hxg4 38. fxg4 c6 39. Rf1 Rf7 40. Kd4 Kd6 41. Bd2 Ke6 42. Kc5 Rh7 43. Rf2 Rh4 44. Bc3 Rxg4 45. Rxf6+ Ke7 46. Kxc6 Rc4+ 47. Kxd5 Rxc3 48. Rg6 Rh3 49. Rxg5 Rxh2 50. Rg7+ Kd8 51. Rxa7 Kc8 52. Kc6 Rh6+ 53. Kb5 Kb8 54. Rg7 Rh5+ 55. Ka6 Rh6+ 56. Ka5 Rf6 57. b5 Ka8 58. Re7 Kb8 59. Rd7 Ka8 60. Rc7 Kb8 61. Re7 Rg6 62. b6 Rg1 63. Ka6 Ra1+ 64. Kb5 Rb1+ 65. Kc6 Rc1+ 66. Kb5 Rb1+ 67. Ka6 Ra1+ 68. Kb5 Rb1+ 1/2-1/2

[Event "Innsbruck op 4th"]
[Site "Innsbruck"]
[Date "2020.08.26"]
[Round "6"]
[White "Pernerstorfer, Max"]
[Black "Pernerstorfer, Moritz"]
[Result "1/2-1/2"]
[WhiteElo "2066"]
[BlackElo "1930"]
[PlyCount "51"]
[EventDate "2020.08.22"]
[EventType "swiss"]
[EventRounds "9"]
[EventCountry "AUT"]
[SourceTitle "CBM 198 Extra"]
[Source "ChessBase"]
[SourceDate "2020.11.30"]
[SourceVersion "1"]
[SourceVersionDate "2020.11.30"]
[SourceQuality "1"]

1. c4 Nf6 2. d4 b6 3. Nc3 Bb7 4. Nf3 e6 5. e3 c5 6. Be2 Be7 7. 0-0 0-0 8. b3 d6 9. Bb2 Nbd7 10. Rc1 cxd4 11. exd4 d5 12. Qc2 Rc8 13. Qb1 a6 14. Rfd1 Ne4 15. Rf1 Ndf6 16. h3 Nxc3 17. Bxc3 Qc7 18. Qd3 Rfd8 19. Bb2 Qf4 20. Ne5 Qe4 21. Qxe4 Nxe4 22. Nf3 Nf6 23. Ne5 Ne4 24. Nf3 Nf6 25. Ne5 Ne4 26. Nf3 1/2-1/2

[Event "Innsbruck op 4th"]
[Site "Innsbruck"]
[Date "2020.08.24"]
[Round "4"]
[White "Pernerstorfer, Moritz"]
[Black "Balint, Peter1111"]
[Result "1-0"]
[WhiteElo "1930"]
[BlackElo "2099"]
[PlyCount "59"]
[EventDate "2020.08.22"]
[EventType "swiss"]
[EventRounds "9"]
[EventCountry "AUT"]
[SourceTitle "CBM 198 Extra"]
[Source "ChessBase"]
[SourceDate "2020.11.30"]
[SourceVersion "1"]
[SourceVersionDate "2020.11.30"]
[SourceQuality "1"]

1. e4 e5 2. Nf3 Nc6 3. d4 exd4 4. Nxd4 Nf6 5. Nxc6 bxc6 6. e5 Qe7 7. Qe2 Nd5 8. c4 Nb6 9. b3 a5 10. Ba3 c5 11. Nc3 a4 12. Nb5 Kd8 13. f4 axb3 14. axb3 g6 15. Qe3 d6 16. Bb2 Rxa1+ 17. Bxa1 Bg7 18. Bd3 Bb7 19. 0-0 Re8 20. Be4 Bxe4 21. Qxe4 Kc8 22. Na7+ Kd7 23. Qc6+ Kd8 24. exd6 Qe3+ 25. Kh1 cxd6 26. Qxb6+ Kd7 27. Qc6+ Ke7 28. Bxg7 Qe2 29. Qf3 Qd2 30. Qe4+ 1-0

[Event "AUT-ch U16"]
[Site "Sankt Veit an der Glan"]
[Date "2019.04.17"]
[Round "6"]
[White "Pernerstorfer, Moritz"]
[Black "Rosol, Alexander"]
[Result "1/2-1/2"]
[WhiteElo "1768"]
[BlackElo "1972"]
[PlyCount "132"]
[EventDate "2019.04.14"]
[EventType "swiss"]
[EventRounds "7"]
[EventCountry "AUT"]
[SourceTitle "CBM 190 Extra"]
[Source "ChessBase"]
[SourceDate "2019.07.15"]
[SourceVersion "1"]
[SourceVersionDate "2019.07.15"]
[SourceQuality "1"]

1. b3 Nf6 2. Bb2 g6 3. e3 Bg7 4. c4 d6 5. d4 Nbd7 6. Nf3 0-0 7. Be2 e5 8. dxe5 Ng4 9. Nc3 Ngxe5 10. 0-0 Nxf3+ 11. Bxf3 Ne5 12. Re1 Nxf3+ 13. Qxf3 Rb8 14. Rad1 Qh4 15. Qg3 Qxg3 16. hxg3 a6 17. Na4 b5 18. Bxg7 Kxg7 19. Nb2 Be6 20. Rc1 bxc4 21. Nxc4 Bxc4 22. Rxc4 c5 23. Rd1 Rb6 24. e4 f5 25. f3 Rf6 26. Kf2 Kf7 27. Ke3 fxe4 28. Rxe4 Re6 29. Rd2 Rb4 30. Kf4 Rexe4+ 31. fxe4 Ke6 32. Ke3 a5 33. Rd3 a4 34. g4 axb3 35. axb3 h6 36. Kf3 Rb8 37. Ke3 Rf8 38. Rd1 Ra8 39. g3 Ra2 40. Rd2 Ra1 41. Rd3 Ra3 42. Ke2 Ra1 43. Ke3 Kd7 44. Rc3 Kc6 45. b4 Kb5 46. bxc5 dxc5 47. e5 Kb4 48. Kd2 Ra6 49. Re3 Re6 50. Kd3 Kb5 51. Kc3 Kc6 52. Kc4 Re7 53. Re4 Ra7 54. Re2 Ra4+ 55. Kc3 Kd7 56. Rd2+ Ke7 57. g5 hxg5 58. Rd6 Kf7 59. Rf6+ Kg7 60. Rc6 Rg4 61. Rxc5 Rxg3+ 62. Kd4 Kf7 63. Rc6 Rf3 64. Rc7+ Ke6 65. Rc6+ Kf7 66. Rc7+ Ke6 1/2-1/2

[Event "AUT-ch U16"]
[Site "Sankt Veit an der Glan"]
[Date "2019.04.15"]
[Round "3"]
[White "Pernerstorfer, Moritz"]
[Black "Hochsteiner, Simon"]
[Result "1/2-1/2"]
[WhiteElo "1768"]
[BlackElo "1703"]
[PlyCount "84"]
[EventDate "2019.04.14"]
[EventType "swiss"]
[EventRounds "7"]
[EventCountry "AUT"]
[SourceTitle "CBM 190 Extra"]
[Source "ChessBase"]
[SourceDate "2019.07.15"]
[SourceVersion "1"]
[SourceVersionDate "2019.07.15"]
[SourceQuality "1"]

1. Nf3 d5 2. b3 Nf6 3. Bb2 e6 4. e3 b6 5. c4 dxc4 6. Bxc4 Bb7 7. 0-0 Be7 8. d4 0-0 9. Qe2 Nbd7 10. Rd1 Bd6 11. Nc3 Qe7 12. Rac1 Rfc8 13. Nb5 Qe8 14. Bd3 Qd8 15. e4 Be7 16. Qc2 h6 17. Nc3 Qe8 18. Qb1 c5 19. Bb5 a6 20. Bxd7 Nxd7 21. d5 exd5 22. Nxd5 Bxd5 23. Rxd5 Nf6 24. Bxf6 Bxf6 25. Rd6 Rab8 26. Rcd1 Rd8 27. h3 Be7 28. R6d5 Rxd5 29. Rxd5 Rd8 30. Qd3 b5 31. Ne5 Rxd5 32. Qxd5 Qd8 33. Qxf7+ Kh7 34. Qg6+ Kg8 35. Nf7 Qd1+ 36. Kh2 Qd2 37. Qf5 c4 38. bxc4 bxc4 39. Ne5 Bd6 40. f4 c3 41. Qf7+ Kh7 42. Qg6+ Kg8 1/2-1/2

[Event "Innsbruck op-B 2nd"]
[Site "Innsbruck"]
[Date "2018.08.31"]
[Round "8"]
[White "Pernerstorfer, Moritz"]
[Black "Karner, Sylvia"]
[Result "1/2-1/2"]
[WhiteElo "1569"]
[BlackElo "1727"]
[PlyCount "27"]
[EventDate "2018.08.24"]
[EventType "swiss"]
[EventRounds "9"]
[EventCountry "AUT"]
[SourceTitle "CBM 186 Extra"]
[Source "ChessBase"]
[SourceDate "2018.08.24"]
[SourceVersion "1"]
[SourceVersionDate "2018.08.24"]
[SourceQuality "1"]

1. b3 Nf6 2. Nf3 g6 3. Bb2 Bg7 4. e3 d5 5. c4 0-0 6. Be2 c5 7. 0-0 Nc6 8. d4 cxd4 9. Nxd4 Nxd4 10. Qxd4 Be6 11. cxd5 Qxd5 12. Bf3 Qxd4 13. Bxd4 Nd5 14. Bxg7 1/2-1/2

[Event "Innsbruck op-B 2nd"]
[Site "Innsbruck"]
[Date "2018.08.24"]
[Round "1"]
[White "Kimpel, Janine"]
[Black "Pernerstorfer, Moritz"]
[Result "1/2-1/2"]
[WhiteElo "1893"]
[BlackElo "1569"]
[PlyCount "61"]
[EventDate "2018.08.24"]
[EventType "swiss"]
[EventRounds "9"]
[EventCountry "AUT"]
[SourceTitle "CBM 186 Extra"]
[Source "ChessBase"]
[SourceDate "2018.08.24"]
[SourceVersion "1"]
[SourceVersionDate "2018.08.24"]
[SourceQuality "1"]

1. e4 e5 2. Nf3 Nc6 3. Bc4 Bc5 4. c3 Nf6 5. d3 d6 6. Bb3 a6 7. Nbd2 Ba7 8. h3 h6 9. Nf1 0-0 10. Ng3 Be6 11. Bd2 Re8 12. 0-0 d5 13. Qc1 dxe4 14. dxe4 Bxb3 15. axb3 Qd7 16. Re1 Qe6 17. Nh4 Ne7 18. Ngf5 Nxf5 19. Nxf5 Nh7 20. c4 Rad8 21. Be3 Bxe3 22. Rxe3 Kh8 23. Rg3 Rg8 24. Qc3 Ng5 25. f3 f6 26. Kh1 Rd7 27. Qe3 Kh7 28. h4 Nf7 29. Rf1 Nd6 30. Nxd6 Qxd6 31. f4 1/2-1/2

[Event "EU Union-ch U12 15th"]
[Site "Mureck"]
[Date "2017.08.08"]
[Round "7"]
[White "Pernerstorfer, Moritz"]
[Black "Nemegeer, Arne"]
[Result "1/2-1/2"]
[WhiteElo "1394"]
[BlackElo "1470"]
[PlyCount "62"]
[EventDate "2017.08.02"]
[EventType "swiss"]
[EventRounds "9"]
[EventCountry "AUT"]
[SourceTitle "CBM 180 Extra"]
[Source "ChessBase"]
[SourceDate "2017.10.06"]
[SourceVersion "1"]
[SourceVersionDate "2017.10.06"]
[SourceQuality "1"]

1. e4 c5 2. b4 cxb4 3. a3 bxa3 4. d4 d6 5. Bd3 Nc6 6. Nf3 Bg4 7. c3 Nf6 8. 0-0 g6 9. Nxa3 Bg7 10. h3 Bd7 11. Bf4 0-0 12. Qd2 Rc8 13. Rfb1 b6 14. Nb5 a5 15. c4 Nb4 16. Nc3 Nh5 17. Be3 Re8 18. Nd5 Nxd5 19. exd5 f5 20. Qb2 Rb8 21. Qb3 Qc7 22. Ra2 h6 23. Rab2 Kh7 24. Qc2 Rec8 25. Rc1 Qd8 26. Qb1 Kh8 27. Rc3 b5 28. Rcb3 b4 29. Ra2 Nf6 30. Bd2 Ra8 31. Bxb4 axb4 1/2-1/2

[Event "EU Union-ch U12 15th"]
[Site "Mureck"]
[Date "2017.08.02"]
[Round "1"]
[White "Raats, Joppe"]
[Black "Pernerstorfer, Moritz"]
[Result "1-0"]
[WhiteElo "1782"]
[BlackElo "1394"]
[PlyCount "50"]
[EventDate "2017.08.02"]
[EventType "swiss"]
[EventRounds "9"]
[EventCountry "AUT"]
[SourceTitle "CBM 180 Extra"]
[Source "ChessBase"]
[SourceDate "2017.10.06"]
[SourceVersion "1"]
[SourceVersionDate "2017.10.06"]
[SourceQuality "1"]

1. e4 e5 2. Nf3 Nc6 3. Bc4 Bc5 4. Nc3 d6 5. d3 Nf6 6. 0-0 Bg4 7. Na4 Nd4 8. Nxc5 Bxf3 9. gxf3 dxc5 10. f4 b5 11. Bb3 Nxb3 12. axb3 exf4 13. Bxf4 0-0 14. Kh1 Kh8 15. Rg1 Rg8 16. Qf3 Nd7 17. Rg2 g5 18. Rag1 f6 19. h4 h6 20. Qh5 Kg7 21. hxg5 hxg5 22. Bxg5 fxg5 23. Rxg5+ Kf6 24. Qh6+ Ke7 25. Qh7+ Kf6 1-0

[Event "AUT-ch U12"]
[Site "St Veit"]
[Date "2017.06.05"]
[Round "5.5"]
[White "Pernerstorfer, Moritz"]
[Black "Lerch, Johannes"]
[Result "1/2-1/2"]
[WhiteElo "1347"]
[BlackElo "1501"]
[PlyCount "55"]
[EventDate "2017.06.03"]
[EventType "swiss"]
[EventRounds "7"]
[EventCountry "AUT"]
[SourceTitle "EXT 2024"]
[Source "ChessBase"]
[SourceDate "2023.10.10"]
[SourceVersion "1"]
[SourceVersionDate "2023.10.10"]
[SourceQuality "1"]

1. e4 c5 2. Nf3 Nc6 3. d4 cxd4 4. Nxd4 g6 5. Nc3 Bg7 6. Nb3 Nf6 7. Be2 0-0 8. Bg5 d6 9. 0-0 Be6 10. Re1 a6 11. Bf1 Qc7 12. Bxf6 Bxf6 13. Nd5 Bxd5 14. exd5 Ne5 15. Kh1 Rfe8 16. h3 Rac8 17. c3 Nd7 18. Qd2 Nc5 19. Nxc5 Qxc5 20. Rad1 Qa5 21. a3 Qc5 22. Qe3 Qxe3 23. Rxe3 Rc7 24. Rde1 Rc5 25. Rd1 Rc7 26. Rde1 Rc5 27. Rd1 Rc7 28. Rde1 1/2-1/2

[Event "Styrian op U14/16 23rd"]
[Site "Mureck"]
[Date "2016.08.10"]
[Round "8"]
[White "Wendl, Paul"]
[Black "Pernerstorfer, Moritz"]
[Result "1/2-1/2"]
[WhiteElo "1136"]
[BlackElo "1252"]
[PlyCount "24"]
[EventDate "2016.08.03"]
[EventType "swiss"]
[EventRounds "9"]
[EventCountry "AUT"]
[SourceTitle "CBM 174 Extra"]
[Source "ChessBase"]
[SourceDate "2016.10.10"]
[SourceVersion "1"]
[SourceVersionDate "2016.10.10"]
[SourceQuality "1"]

1. e4 e5 2. Nf3 Nc6 3. Bb5 a6 4. Ba4 b5 5. Bb3 Bc5 6. d3 d6 7. Ng5 Be6 8. Bxe6 fxe6 9. Nxe6 Qf6 10. Nxc7+ Kd7 11. 0-0 Kxc7 12. Nc3 Nge7 1/2-1/2

[Event "Styrian op U14/16 23rd"]
[Site "Mureck"]
[Date "2016.08.09"]
[Round "7"]
[White "Hanc, Nejc"]
[Black "Pernerstorfer, Moritz"]
[Result "1-0"]
[WhiteElo "1362"]
[BlackElo "1252"]
[PlyCount "85"]
[EventDate "2016.08.03"]
[EventType "swiss"]
[EventRounds "9"]
[EventCountry "AUT"]
[SourceTitle "CBM 174 Extra"]
[Source "ChessBase"]
[SourceDate "2016.10.10"]
[SourceVersion "1"]
[SourceVersionDate "2016.10.10"]
[SourceQuality "1"]

1. e4 e5 2. Nf3 Nc6 3. Bc4 Bc5 4. c3 Nf6 5. d3 d5 6. exd5 Nxd5 7. h3 h6 8. 0-0 0-0 9. Re1 Re8 10. Qb3 Be6 11. Qxb7 Na5 12. Qb5 Nxc4 13. dxc4 Bb6 14. cxd5 Bxd5 15. Qd3 e4 16. Qd1 Bb7 17. Qxd8 Raxd8 18. Nh2 f5 19. Be3 Bxe3 20. fxe3 f4 21. Nf1 f3 22. gxf3 exf3 23. Kf2 Re4 24. Nbd2 Ree8 25. Nxf3 Rf8 26. N1h2 Rd2+ 27. Re2 Rxe2+ 28. Kxe2 g5 29. Rg1 Kf7 30. Ne5+ Ke6 31. Nhf3 Bxf3+ 32. Nxf3 Rb8 33. b4 Kd5 34. Rc1 c5 35. c4+ Kd6 36. b5 Rg8 37. Rd1+ Kc7 38. Rd5 Kb6 39. Rd6+ Ka5 40. Rxh6 g4 41. hxg4 Rxg4 42. Kd3 Kb4 43. Ne5 1-0

[Event "Styrian op U14/16 23rd"]
[Site "Mureck"]
[Date "2016.08.05"]
[Round "3"]
[White "Urbanc, Ana"]
[Black "Pernerstorfer, Moritz"]
[Result "1/2-1/2"]
[WhiteElo "1681"]
[BlackElo "1252"]
[PlyCount "60"]
[EventDate "2016.08.03"]
[EventType "swiss"]
[EventRounds "9"]
[EventCountry "AUT"]
[SourceTitle "CBM 174 Extra"]
[Source "ChessBase"]
[SourceDate "2016.10.10"]
[SourceVersion "1"]
[SourceVersionDate "2016.10.10"]
[SourceQuality "1"]

1. e4 e5 2. Nf3 Nc6 3. Bb5 a6 4. Bxc6 dxc6 5. 0-0 Bd6 6. d4 Bg4 7. dxe5 Bxf3 8. Qxf3 Bxe5 9. Rd1 Qf6 10. Qxf6 Nxf6 11. c3 0-0 12. Nd2 Rad8 13. Re1 Rfe8 14. g3 Bd6 15. f3 Bc5+ 16. Kg2 Rd3 17. Nb3 Bb6 18. Bg5 h6 19. Bxf6 gxf6 20. Rad1 Red8 21. Rxd3 Rxd3 22. f4 a5 23. a4 c5 24. e5 c4 25. Nc1 Rd2+ 26. Re2 Rd1 27. Rc2 Rg1+ 28. Kf3 f5 29. Ne2 Rf1+ 30. Kg2 Rf2+ 1/2-1/2